Integral rural development : (Record no. 98860)

MARC details
000 -LEADER
fixed length control field 00703nam a22002057a 4500
005 - DATE AND TIME OF LATEST TRANSACTION
control field 20160330152601.0
010 ## - LCCN (DPL NO)
LC control number ENG-114854
020 ## - INTERNATIONAL STANDARD BOOK NUMBER
International Standard Book Number 9789351251101
Terms of availability 750.00
035 ## - SYSTEM CONTROL NUMBER
System control number EN-98386
037 ## - SOURCE OF ACQUISITION
Source of stock number/acquisition DBAD/PUB
082 ## - DEWEY DECIMAL CLASSIFICATION NUMBER
Classification number 307.1412
100 ## - MAIN ENTRY--PERSONAL NAME
Personal name Palanithurai,G.
245 ## - TITLE STATEMENT
Title Integral rural development :
Remainder of title a rural transformation experiment by Sri Aurbindo Society, Puducherry /
Statement of responsibility, etc by G. Palanithurai [and] R.Ramesh
260 ## - PUBLICATION, DISTRIBUTION, ETC. (IMPRINT)
Place of publication, distribution, etc New Delhi
Name of publisher, distributor, etc Concept Publishing
Date of publication, distribution, etc 2015
270 ## - ADDRESS
Address A/15-16 Commercial Block, Mohan Garden
City New Delhi
Postal code 110059
300 ## - PHYSICAL DESCRIPTION
Extent viii,134p. :
Other physical details col. ill.
Dimensions 22cm(Hb)
500 ## - GENERAL NOTE
General note Includes index
700 ## - ADDED ENTRY--PERSONAL NAME
Personal name Ramesh,R.
942 ## - ADDED ENTRY ELEMENTS (KOHA)
Source of classification or shelving scheme Dewey Decimal Classification
Item type English Books
Call number suffix PAL
Classification part 307.1412
Holdings
Withdrawn status Lost status Not for loan Collection code Home library Current library Date acquired Source of acquisition Cost, normal purchase price Full call number Barcode Copy number Cost, replacement price Koha item type
    Not For Loan Non-fiction D.B.Act.Division Bawana 09/02/2016 DBAD/PUB 750.00 307.1412 PAL EN-98386 1 750.00 English Books

© Delhi Public Library
Hit Counter
free hit counter